| 000 | 00362nam a22001337a 4500 | ||
|---|---|---|---|
| 999 |
_c7627 _d7627 |
||
| 008 | 190211b ||||| |||| 00| 0 eng d | ||
| 020 | _a9788193626047 | ||
| 082 | _a954.04 R88r 2018 | ||
| 100 | _aRoy, Aruna | ||
| 245 |
_aThe RTI story : _bPower to the people |
||
| 260 |
_aNew Delhi ; _bRoli books Pvt.Ltd. _c2018. |
||
| 300 |
_axxiv, 376 p. _c22 cm. |
||
| 942 | _2ddc | ||